<?xml version="1.0" encoding="UTF-8"?>
<record
    xmlns:xsi="http://www.w3.org/2001/XMLSchema-instance"
    xsi:schemaLocation="http://www.loc.gov/MARC21/slim http://www.loc.gov/standards/marcxml/schema/MARC21slim.xsd"
    xmlns="http://www.loc.gov/MARC21/slim">

  <leader>00621nam a22001577a 4500</leader>
  <controlfield tag="008">240610b        |||||||| |||| 00| 0 eng d</controlfield>
  <datafield tag="020" ind1=" " ind2=" ">
    <subfield code="a">9789937702751</subfield>
  </datafield>
  <datafield tag="082" ind1=" " ind2=" ">
    <subfield code="a">N895.51809/M714g</subfield>
  </datafield>
  <datafield tag="100" ind1=" " ind2=" ">
    <subfield code="a">Mukarung, Bulu</subfield>
  </datafield>
  <datafield tag="241" ind1=" " ind2=" ">
    <subfield code="a">Geet Paricilan(bivinna krtitima prakhepan gariyeka bicharharu)</subfield>
  </datafield>
  <datafield tag="245" ind1=" " ind2=" ">
    <subfield code="a">&#x917;&#x940;&#x924; &#x92A;&#x930;&#x93F;&#x936;&#x940;&#x932;&#x928;(&#x935;&#x93F;&#x92D;&#x93F;&#x928;&#x94D;&#x928; &#x915;&#x943;&#x924;&#x93F;&#x92E;&#x93E; &#x92A;&#x94D;&#x930;&#x915;&#x94D;&#x937;&#x947;&#x92A;&#x923; &#x917;&#x930;&#x93F;&#x90F;&#x915;&#x93E; &#x935;&#x93F;&#x91A;&#x93E;&#x930;&#x939;&#x930;&#x941;)</subfield>
  </datafield>
  <datafield tag="260" ind1=" " ind2=" ">
    <subfield code="a">Kathmandu:</subfield>
    <subfield code="b">Bhundipuran Prakashan,</subfield>
    <subfield code="c">2075BS.</subfield>
  </datafield>
  <datafield tag="300" ind1=" " ind2=" ">
    <subfield code="b">168p.</subfield>
  </datafield>
  <datafield tag="650" ind1=" " ind2=" ">
    <subfield code="a">Nepali miscellaneous writing -history and criticism</subfield>
  </datafield>
  <datafield tag="942" ind1=" " ind2=" ">
    <subfield code="2">ddc</subfield>
    <subfield code="c">ISBN</subfield>
  </datafield>
  <datafield tag="999" ind1=" " ind2=" ">
    <subfield code="c">114156</subfield>
    <subfield code="d">114144</subfield>
  </datafield>
  <datafield tag="952" ind1=" " ind2=" ">
    <subfield code="0">0</subfield>
    <subfield code="1">0</subfield>
    <subfield code="2">ddc</subfield>
    <subfield code="4">0</subfield>
    <subfield code="7">0</subfield>
    <subfield code="a">TUCL</subfield>
    <subfield code="b">TUCL</subfield>
    <subfield code="d">2024-06-10</subfield>
    <subfield code="l">0</subfield>
    <subfield code="o">N895.51809/M714g</subfield>
    <subfield code="p">IS26377</subfield>
    <subfield code="r">2024-06-10 09:37:50</subfield>
    <subfield code="w">2024-06-10</subfield>
    <subfield code="y">ISBN</subfield>
  </datafield>
  <datafield tag="952" ind1=" " ind2=" ">
    <subfield code="0">0</subfield>
    <subfield code="1">0</subfield>
    <subfield code="2">ddc</subfield>
    <subfield code="4">0</subfield>
    <subfield code="7">0</subfield>
    <subfield code="a">TUCL</subfield>
    <subfield code="b">TUCL</subfield>
    <subfield code="d">2024-06-10</subfield>
    <subfield code="l">0</subfield>
    <subfield code="o">N895.51809/M714g</subfield>
    <subfield code="p">IS26378</subfield>
    <subfield code="r">2024-06-10 09:37:50</subfield>
    <subfield code="w">2024-06-10</subfield>
    <subfield code="y">ISBN</subfield>
  </datafield>
</record>
